000 01224cam a2200313 a 4500
001 11845609
003 OSt
005 20161216171158.0
008 991118s2000 nyua b 001 0 eng
010 _a 99059042
020 _a0582356792 (pbk.)
020 _a9780582356795
020 _a0582356806
040 _aDLC
_cDLC
082 0 0 _a425
_221
_bًWPM
100 1 _aWilson, Peter,
_d1945-
_956758
245 1 0 _aMind the gap :
_bellipsis and stylistic variation in spoken and written English /
_cPeter Wilson.
260 _aHarlow, England ;
_aNew York :
_bLongman,
_c2000.
300 _axi, 239 p. :
_bill. ;
_c24 cm.
440 0 _aTextual explorations
_956759
504 _aIncludes bibliographical references (p. 229-234) and index.
650 0 _aEnglish language
_xEllipsis.
_956760
650 0 _aEnglish language
_xSpoken English.
_956761
650 0 _aEnglish language
_xWritten English.
_946270
650 0 _aEnglish language
_xVariation.
_956762
650 0 _aEnglish language
_xStyle.
_956763
942 _2ddc
_cBOOK
999 _c39831
_d274331